| 000 | 00837nam a2200217 a 4500 | ||
|---|---|---|---|
| 003 | 0 | ||
| 005 | 20250220124450.0 | ||
| 008 | 111114s19uu xx 00 eng d | ||
| 050 |
_aPGS QR 201.E75.E84 _b.F887 2011 |
||
| 100 | _aFresto, Triszka Noelle J. | ||
| 245 |
_aEffect of Eucheuma cottonii on Escherichia coli / _cTriszka Noelle J. Fresto. |
||
| 260 |
_aLas PiƱas City, Philippines : _bSouthville International School and Colleges, _c2011. |
||
| 300 |
_a18 pages : _billustrations ; _c28 cm. |
||
| 504 | _aIncludes bibliographical references. | ||
| 650 |
_aEucheuma cotonii _vMedical applications. |
||
| 650 |
_aEscherichia coli _vEffect of chemicals on. |
||
| 650 |
_aSeaweeds _vTherapeutic use. |
||
| 650 |
_aAntibacterial agents _vNatural sources. |
||
| 650 |
_aMicrobial inhibition _vNatural compounds. |
||
| 942 |
_2lcc _cPASS |
||
| 999 |
_c98667 _d98667 |
||